000 00745nam a2200229Ia 4500
003 GCL
008 140319s9999 xx 000 0 ara d
040 _aGCL /
_cGCL
082 0 4 _a822
_bم ب
100 1 _aمحمد الاسعد
245 1 0 _aبعدالسقوط الثعالب الصغيرة /
_cمحمد الاسعد
700 1 _aميللر, ارثر
700 1 _aهيلمان , ليليان
700 1 _aالطاف عبدالعال
300 _a398 ص
490 _aمن المسرح العالمى
_v0
650 0 4 _aالادب
650 0 4 _aالمسرحيات العالمية
650 0 4 _aالادب الانجليزى المترجم
650 0 4 _aالمسرحيات الانجليزية المترجمة
942 _2ddc
_cBK
999 _c41548
_d41548